Islands Revealing Islands - Statistics

General Stats
  • This quiz has been taken 43,745 times
  • The average score is 19 of 34
Answers on the Map
Answers color-coded by a green-red scale on the quiz's map according to % correct below.
 
Answer Stats
Answer % Correct
Great Britain
97%
Cuba
96%
Cyprus
96%
Iceland
96%
Ireland
95%
Sri Lanka
93%
Madagascar
92%
Greenland
91%
Taiwan
82%
Jamaica
76%
Sicily
72%
Hispaniola
68%
Corsica
62%
Sardinia
62%
Borneo
59%
Hokkaido
58%
Java
58%
Malta
58%
Honshu
56%
Crete
55%
New Guinea
54%
Sumatra
47%
Luzon
41%
Baffin
40%
Sulawesi
34%
Trinidad
32%
Sakhalin
28%
Majorca
27%
Kyushu
24%
Rhodes
14%
Aruba
9%
Martinique
9%
Mayotte
6%
Anglesey
3%
No matching quizzes found
Score Distribution
Percent of People with Each Score
Percentile by Number Answered
Your Score History
You have not taken this quiz